Estructuras algebraicas iii (grupos finitos) /

Guardado en:
Autor Principal: O Brien, Horacio H.
Formato: Libro
Publicado: Washington : O.e.a., 1973
Materias:
Etiquetas: Agregar Etiqueta
Sin Etiquetas, Sea el primero en etiquetar este registro!
LEADER 00734nam a22001815a 4500
001 CEM.cems004701
005 20060217000000.0
008 130507s1973##################000#0#####d
003 CEMS
082 0 4 |a 512 
100 1 |a O Brien, Horacio H. 
245 1 0 |a Estructuras algebraicas iii (grupos finitos) / 
260 |a Washington :  |b O.e.a.,  |c 1973 
300 |a 137 p. 
505 0 |a La quinta operación matemática; El idioma del algebra; En ayuda de la aritmetica; Las ecuaciónes de Diofanto; La sexta operación matemática; Ecuaciónes de segundo grado; La magnitud mayor y la menor; Progresiones; La septima operación matemática 
653 |a Algebra 
653 |a Matematica 
859 |a CEMS  |b BIB. CEMS - 11 de abril  |h 512  |i Ob1/III  |p 9932.81  |t Ej.1